00766nam a2200229Ii 45000010005000000030009000050080041000140200015000550400033000700410008001030820015001111000024001262450013001502640071001633000012002343360026002463370028002723380027003009400050003279990017003779520142003948094CO-ViMGA241108s9999||||xx |||||||||||||| ||und|| a8434584735 aCO-ViMGAbspaerdacCO-ViMGA0 aunk04a813-Ch515f1 aJohn Cheever95536210aFalconer 1a[Lugar de publicación no identificado] : Graficas Estrella, 1977 avolumen atextbtxt2rdacontent aunmediatedbn2rdamedia avolumebnc2rdacarrier aidficha_siabuc: 7915. -- ficha_no_siabuc:8094 c52868d52868 001040708001aMEVIGERRbMEVIGERRcGENd2006-11-27hVol.1o813-Ch515fpECA8236r2024-11-26 10:09:32tEj.1w2024-11-26yBKz7915 | 11082